00474nam a2200145Ia 4500008004100000041001200041100001600053245007600069260000600145650000600151700001500157942000700172999001700179952013200196221030s9999 xx 000 0 und d aEnglish aL. Cromwell 0aBiomedical Instrumentation and Measurementscby L. Cromwell, F. J. Fred c0 aB aF. J. Fred cBK c16783d16783 pB 7704l0r2022-10-30 00:00:00w2022-10-30yBK003Print4070aMIETLIBbMIETLIBcBL-, FL-, CUP-0, SH-0, R-0d2016-02-1510HBE